000 00743nam a22001817a 4500
999 _c63610
_d63610
003 Ge_BSU
005 20251114190345.0
008 251114s1972 ge ||||| |||| 00| 0 geo d
041 _ageo
080 _a908(477) მ-16
100 _aმაისურაძე, დ.
_926233
245 _aსაბჭოთა უკრაინა /
_cდ. მაისურაძე.
264 _aთბილისი :
_bსაბჭ. საქართველო,
_c1972.
300 _a105 გვ. ;
_b17 სმ.
490 _aთავისუფალ ერთა მძლე კავშირი ძმური
653 _aკომუნისტური მშენებლობა უკრაინაში.
942 _2udc
_cBK